Southville International School and Colleges
Your cart is empty.
  • Cart
  • Lists
    Public lists Eva Luna New books Lux_list list_1
    Your lists Log in to create your own lists
  • Log in to your account
  • Your cookies
  • Search history
Southville International School and Colleges
  • Advanced search
  • Recent comments
  • Most popular
  • Libraries

Log in to your account

Log in with GOOGLE


If you do not have an external account, but do have a local account, you can still log in:

  1. Home
  2. MARC view: Sula /
Normal view MARC view ISBD view

Sula / (Record no. 11579)

[ view plain ]
MARC details
000 -LEADER
fixed length control field 00836cam a2200313 a 4500
001 - CONTROL NUMBER
control field 4461468
003 - CONTROL NUMBER IDENTIFIER
control field LC
005 - DATE AND TIME OF LATEST TRANSACTION
control field 20160314111715.0
008 - FIXED-LENGTH DATA ELEMENTS--GENERAL INFORMATION
fixed length control field 870804r19871973nyu 000 1 eng
010 ## - LIBRARY OF CONGRESS CONTROL NUMBER
LC control number 87015237
020 ## - INTERNATIONAL STANDARD BOOK NUMBER
International Standard Book Number 0451182405
035 ## - SYSTEM CONTROL NUMBER
System control number (OCoLC)478742048
035 ## - SYSTEM CONTROL NUMBER
System control number (OCoLC)ocn478742048
035 ## - SYSTEM CONTROL NUMBER
System control number (NNC)4461468
040 ## - CATALOGING SOURCE
Modifying agency NNUT
050 1# - LIBRARY OF CONGRESS CALL NUMBER
Classification number PS 3563 .O8749
Item number .M878 1973
082 ## - DEWEY DECIMAL CLASSIFICATION NUMBER
Classification number FIC
Item number M831s 1973
090 ## - LOCALLY ASSIGNED LC-TYPE CALL NUMBER (OCLC); LOCAL CALL NUMBER (OCLC)
Classification number (OCLC) (R) ; Classification number, CALL (RLIN) (NR) PS3563.O8749
Local cutter number (OCLC) ; Book number/undivided call number, CALL (RLIN) S8 1987
100 1# - MAIN ENTRY--PERSONAL NAME
Personal name Morrison, Toni.
9 (RLIN) 20396
245 10 - TITLE STATEMENT
Title Sula /
Statement of responsibility, etc Toni Morrison.
260 ## - PUBLICATION, DISTRIBUTION, ETC. (IMPRINT)
Place of publication, distribution, etc New York :
Name of publisher, distributor, etc New American Library,
Date of publication, distribution, etc c1973.
300 ## - PHYSICAL DESCRIPTION
Extent 174 p. :
Dimensions 18 cm.
650 ## - SUBJECT ADDED ENTRY--TOPICAL TERM
Topical term or geographic name as entry element African American women -- Fiction.
650 ## - SUBJECT ADDED ENTRY--TOPICAL TERM
Topical term or geographic name as entry element City and town life -- Fiction.
650 ## - SUBJECT ADDED ENTRY--TOPICAL TERM
Topical term or geographic name as entry element Female friendship -- Fiction.
942 ## - ADDED ENTRY ELEMENTS (KOHA)
Source of classification or shelving scheme Library of Congress Classification
Koha item type Books
Holdings
Withdrawn status Lost status Source of classification or shelving scheme Damaged status Home library Current library Shelving location Date acquired Total Checkouts Full call number Barcode Date last seen Copy number Price effective from Koha item type
    Library of Congress Classification   Luxembourg Library Luxembourg Library Fiction Section 09/17/2013   PS 3563.O8749 .M878 1973 4736 09/17/2013 1 09/17/2013 Books

Sula /

APA

Morrison T., . (1973). Sula. New York: New American Library.

Chicago

Morrison Toni, . 1973. Sula. New York: New American Library.

Harvard

Morrison T., . (1973). Sula. New York: New American Library.

MLA

Morrison Toni, . Sula. New York: New American Library. 1973.

  • Place hold
  • Print
  • Cite
  • Add to your cart (remove)
  • Save record
    BIBTEX Dublin Core MARCXML MARC (non-Unicode/MARC-8) MARC (Unicode/UTF-8) MARC (Unicode/UTF-8, Standard) MODS (XML) RIS
  • More searches
    Search for this title in:
    Other Libraries (WorldCat) Other Databases (Google Scholar) Online Stores (Bookfinder.com) Open Library (openlibrary.org)

Exporting to Dublin Core...

SOUTHVILLE LIBRARY

Southville International School and Colleges Library

1281 Tropical Ave. Cor. Luxembourg St., BF Homes International, Las Pinas City

Tel. No. 8256374 / 252358 Loc. 117/146

Powered by Koha